[Event "4NCL Division 3 North"]
[Site "Wakefield, ENG"]
[Date "2016.11.26"]
[Round "1.13"]
[White "Moran, Stephen"]
[Black "Tyton, Adam"]
[Result "1-0"]
[WhiteElo "2180"]
[BlackElo "1907"]
[PlyCount "137"]
[EventDate "2016.11.26"]
[WhiteTeam "Gonzaga"]
[BlackTeam "Manchester Manticores 3"]

1. d4 Nf6 2. c4 e6 3. Nc3 Bb4 4. e3 O-O 5. Nge2 Ne4 6. Bd2 Nxd2 7. Qxd2 b6 8.
a3 Be7 9. Nf4 Ba6 10. Bd3 c6 11. Qc2 g6 12. O-O d5 13. cxd5 Bxd3 14. Nxd3 cxd5
15. Rfc1 a6 16. Na2 Bd6 17. Nab4 Ra7 18. Qa4 f5 19. Rc2 g5 20. Rac1 f4 21. exf4
gxf4 22. Ne1 Rg7 23. Nf3 Kh8 24. Kh1 Rfg8 25. Rg1 Qf8 26. Re2 Qf5 27. Qc2 Qg4
28. Qd3 a5 29. Nc2 Nd7 30. h3 Qg6 31. Qxg6 Rxg6 32. Nce1 b5 33. Nd3 b4 34. axb4
axb4 35. Rc2 Nf6 36. Rc6 Ne4 37. Kh2 R6g7 38. Rb6 Rc7 39. Rf1 Rcg7 40. Rg1 Rc7
41. Rc1 Rxc1 42. Nxc1 Rc8 43. Nd3 Rc2 44. Nfe1 Rc4 45. f3 Rxd4 46. fxe4 dxe4
47. Nf2 e3 48. Nfd3 f3+ 49. Rxd6 Rxd6 50. gxf3 Rd4 51. f4 Rd5 52. Kg3 Rh5 53.
Nxb4 Rb5 54. Nbd3 Kg7 55. Kf3 Rh5 56. Kg4 Rb5 57. Nf3 e2 58. Nfe1 Kf6 59. Kf3
Rh5 60. Nf2 Rb5 61. Nfd3 Rh5 62. Kg4 Rb5 63. b4 Ke7 64. h4 Kf6 65. Ng2 Rd5 66.
Nge1 Rb5 67. Kf3 Kf5 68. Ng2 Rd5 69. Ne3+ 1-0

[Event "4NCL Division 3 North"]
[Site "Wakefield, ENG"]
[Date "2016.11.26"]
[Round "1.14"]
[White "Altham, John T"]
[Black "Murray, David"]
[Result "0-1"]
[WhiteElo "1900"]
[BlackElo "2139"]
[Annotator "Barnes,Lara"]
[PlyCount "86"]
[EventDate "2016.11.26"]
[WhiteTeam "Manchester Manticores 3"]
[BlackTeam "Gonzaga"]

1. e4 e5 2. Nf3 Nc6 3. Bb5 a6 4. Ba4 Nf6 5. d3 Bc5 6. O-O b5 7. Bb3 O-O 8. c3
d5 9. Qe2 Re8 10. Bg5 dxe4 11. dxe4 Na5 12. Bc2 Nc4 13. Rd1 Qe7 14. b3 Nd6 15.
Nbd2 Bb7 16. a4 Qe6 17. b4 Bb6 18. Bb3 Qg4 19. h3 Qh5 20. Bc2 Qg6 21. Re1 Nh5
22. Kh2 Rac8 23. Be3 Bxe3 24. Qxe3 Nf6 25. Ng1 Nd5 26. Qd3 Nf4 27. Qf1 c5 28.
g3 Qf6 29. Rac1 Ne6 30. axb5 Nxb5 31. Ba4 cxb4 32. c4 Nc3 33. Bxe8 Rxe8 34. f3
Nd4 35. Nb1 Na2 36. Rcd1 a5 37. Rd2 b3 38. Rxa2 bxa2 39. Nc3 Nc2 40. Ra1 Nxa1
41. Qxa1 Qb6 42. Qxa2 Rc8 43. Nd5 Bxd5 0-1

[Event "4NCL Division 3 North"]
[Site "Wakefield, ENG"]
[Date "2016.11.26"]
[Round "1.15"]
[White "Freeman, Gordon"]
[Black "Potter, Steven"]
[Result "1-0"]
[WhiteElo "2119"]
[BlackElo "1900"]
[PlyCount "103"]
[EventDate "2016.11.26"]
[WhiteTeam "Gonzaga"]
[BlackTeam "Manchester Manticores 3"]

1. d4 b6 2. e4 e6 3. Bd3 Bb7 4. Nf3 c5 5. O-O Nf6 6. Nbd2 cxd4 7. Nxd4 Nc6 8.
Nxc6 Bxc6 9. Qe2 Qc7 10. e5 Nd5 11. Nf3 Bc5 12. a3 a5 13. Bd2 a4 14. Rac1 Qb7
15. Bb5 Bxb5 16. Qxb5 O-O 17. Bb4 Bxb4 18. axb4 Nc7 19. Qxd7 Rfd8 20. Qe7 h6
21. Rcd1 Re8 22. Qh4 Nd5 23. b5 a3 24. c4 Ne7 25. bxa3 Rxa3 26. Qd4 Ng6 27. Rd3
Rxd3 28. Qxd3 Nf4 29. Qe3 g5 30. Rd1 Ra8 31. h4 Ra2 32. hxg5 hxg5 33. Rd6 Re2
34. Qxb6 Nh3+ 35. Kh2 Qxb6 36. Rxb6 Nxf2 37. Rb8+ Kg7 38. b6 Ne4 39. b7 Rb2 40.
Nd4 Rb6 41. Nb5 Nc5 42. Nd6 g4 43. Kg3 Rb3+ 44. Kxg4 Nd7 45. Rd8 Nxe5+ 46. Kh5
Nxc4 47. Ne8+ Kh7 48. b8=Q Rxb8 49. Rxb8 Ne3 50. Nf6+ Kg7 51. Kg5 Nxg2 52. Rg8#
1-0

[Event "4NCL Division 3 North"]
[Site "Wakefield, ENG"]
[Date "2016.11.26"]
[Round "1.16"]
[White "Livesey, R Nigel"]
[Black "Jackson, Carl"]
[Result "0-1"]
[WhiteElo "1877"]
[BlackElo "2108"]
[PlyCount "100"]
[EventDate "2016.11.26"]
[WhiteTeam "Manchester Manticores 3"]
[BlackTeam "Gonzaga"]

1. c4 e5 2. g3 c6 3. d4 e4 4. Bg2 d5 5. Nc3 Bb4 6. Qa4 Qa5 7. Qxa5 Bxa5 8. Bd2
Bxc3 9. Bxc3 f5 10. cxd5 cxd5 11. e3 Nf6 12. Nh3 Nc6 13. Bf1 O-O 14. Be2 a5 15.
Kd2 Bd7 16. Nf4 g5 17. Ng2 a4 18. a3 Na5 19. Bxa5 Rxa5 20. h3 Bb5 21. Rhc1 Bxe2
22. Kxe2 Rb5 23. Rab1 Nd7 24. Rc7 Rf7 25. Ne1 Nb6 26. Rxf7 Kxf7 27. Nc2 Rb3 28.
Na1 Rb5 29. Nc2 Nc4 30. Nb4 Ke6 31. Kd1 f4 32. gxf4 gxf4 33. exf4 Kf5 34. Kc2
Kxf4 35. Rg1 Kf3 36. Rg7 Kxf2 37. Rxh7 Ke2 38. Rf7 Ne3+ 39. Kc1 Rb6 40. b3 axb3
41. Kb2 Nd1+ 42. Kxb3 Kd2 43. Rc7 e3 44. Rc2+ Ke1 45. Ka2 Rxb4 46. axb4 e2 47.
Kb1 Kf1 48. Rxe2 Kxe2 49. Kc2 Ne3+ 50. Kc3 b5 0-1

[Event "4NCL Division 3 North"]
[Site "Wakefield, ENG"]
[Date "2016.11.26"]
[Round "1.21"]
[White "Denisov, Seny D"]
[Black "Madden, Paul"]
[Result "0-1"]
[WhiteElo "1817"]
[BlackElo "2093"]
[PlyCount "90"]
[EventDate "2016.11.26"]
[WhiteTeam "3Cs 3"]
[BlackTeam "Ashfield Breadsall 1"]

1. e4 e6 2. d4 d5 3. Nc3 Nf6 4. Bg5 Bb4 5. Bxf6 Qxf6 6. e5 Qd8 7. a3 Be7 8. b4
a5 9. b5 c5 10. Nf3 Nd7 11. dxc5 Nxc5 12. Bd3 O-O 13. O-O Qc7 14. Re1 f6 15.
Qd2 Nd7 16. Nd4 Nxe5 17. f4 Bc5 18. Bf1 Qb6 19. Rad1 Nd7 20. Kh1 Bxd4 21. Qxd4
Qxd4 22. Rxd4 Nb6 23. a4 Bd7 24. g3 Rac8 25. Rd3 Rc7 26. Bh3 f5 27. Ne2 Nxa4
28. Nd4 Nc5 29. Rc3 b6 30. Bg2 Rfc8 31. Ra3 Ne4 32. Bf1 Rc3 33. Ra2 g5 34. Kg1
Kf7 35. Bd3 gxf4 36. gxf4 Rg8+ 37. Kf1 Rg4 38. Ne2 Rc5 39. Rb2 Nc3 40. Nxc3
Rxc3 41. Re3 Rxf4+ 42. Kg2 Rg4+ 43. Kf2 Rh4 44. h3 Kf6 45. Rb1 e5 0-1

[Event "4NCL Division 3 North"]
[Site "Wakefield, ENG"]
[Date "2016.11.26"]
[Round "1.22"]
[White "Willow, Jonah B"]
[Black "Okusanya, Tobi"]
[Result "1-0"]
[WhiteElo "2080"]
[BlackElo "1817"]
[Annotator "Barnes,Lara"]
[PlyCount "61"]
[EventDate "2016.11.26"]
[WhiteTeam "Ashfield Breadsall 1"]
[BlackTeam "3Cs 3"]

1. e4 c5 2. Nf3 e6 3. d4 cxd4 4. Nxd4 a6 5. Nc3 Qc7 6. g3 Bb4 7. Nde2 Nf6 8.
Bg2 Nc6 9. O-O Be7 10. h3 O-O 11. Be3 d6 12. f4 Rd8 13. g4 b5 14. g5 Nd7 15.
Ng3 Nb6 16. Kh2 Nc4 17. Bc1 b4 18. Nce2 Bf8 19. f5 d5 20. fxe6 fxe6 21. exd5
Nb6 22. Rxf8+ Rxf8 23. dxc6 a5 24. Qd4 Ba6 25. Bf4 Qd8 26. Qxd8 Raxd8 27. Bc7
Rd2 28. Bxb6 Bxe2 29. Nxe2 Rxe2 30. c7 Rxc2 31. Rd1 1-0

[Event "4NCL Division 3 North"]
[Site "Wakefield, ENG"]
[Date "2016.11.26"]
[Round "1.23"]
[White "Ye, Kevin"]
[Black "Walker, Andrew N"]
[Result "1/2-1/2"]
[WhiteElo "1787"]
[BlackElo "2067"]
[PlyCount "78"]
[EventDate "2016.11.26"]
[WhiteTeam "3Cs 3"]
[BlackTeam "Ashfield Breadsall 1"]

1. e4 e5 2. Nf3 Nc6 3. Bc4 Be7 4. d3 d6 5. h3 Nf6 6. O-O O-O 7. Nbd2 Na5 8. Re1
Bd7 9. d4 Nxc4 10. Nxc4 Bc6 11. d5 Bb5 12. Ncd2 Ne8 13. c4 Bd7 14. Nf1 f5 15.
exf5 Bxf5 16. Ng3 Bg6 17. Qe2 Bh4 18. Ne4 h6 19. g3 Bh5 20. Ned2 Bg5 21. g4 Bg6
22. Ne4 Bf4 23. Bxf4 Rxf4 24. Ng3 Nf6 25. Nh4 Qe8 26. Ngf5 Bxf5 27. Nxf5 Qd7
28. b3 Ne4 29. Rf1 Ng5 30. Kg2 Nf3 31. Rac1 Rf8 32. Rc3 Nd4 33. Nxd4 Rxd4 34.
Rf3 Rxf3 35. Qxf3 Qf7 36. Qe3 Qg6 37. f3 Qd3 38. Qxd3 Rxd3 39. Rf2 g5 1/2-1/2

[Event "4NCL Division 3 North"]
[Site "Wakefield, ENG"]
[Date "2016.11.26"]
[Round "1.24"]
[White "Garnett, John S"]
[Black "Denisov, Denis"]
[Result "1-0"]
[WhiteElo "1981"]
[BlackElo "1780"]
[Annotator "Barnes,Lara"]
[PlyCount "43"]
[EventDate "2016.11.26"]
[WhiteTeam "Ashfield Breadsall 1"]
[BlackTeam "3Cs 3"]

1. d4 Nf6 2. Bg5 h6 3. Bxf6 exf6 4. e3 d6 5. Bd3 Nc6 6. c3 Be7 7. Ne2 O-O 8.
Nf4 Re8 9. O-O Bf8 10. Nd2 Ne7 11. Qb3 c6 12. e4 d5 13. exd5 Nxd5 14. Nxd5 cxd5
15. Rfe1 Rxe1+ 16. Rxe1 b6 17. Nf1 Be6 18. Ne3 f5 19. Bxf5 Qf6 20. Bxe6 fxe6
21. Nxd5 Qg5 22. Nc7 1-0

[Event "4NCL Division 3 North"]
[Site "Wakefield, ENG"]
[Date "2016.11.26"]
[Round "1.25"]
[White "Abbas, Ahmed C"]
[Black "Truman, Richard G"]
[Result "1/2-1/2"]
[WhiteElo "1607"]
[BlackElo "1972"]
[PlyCount "53"]
[EventDate "2016.11.26"]
[WhiteTeam "3Cs 3"]
[BlackTeam "Ashfield Breadsall 1"]

1. e4 e5 2. Nf3 Nc6 3. Bc4 Nf6 4. d3 Be7 5. O-O O-O 6. c3 d6 7. Bb3 Bg4 8. Nbd2
Qd7 9. Nc4 Rad8 10. Ne3 Be6 11. Re1 Rfe8 12. Nd5 Bxd5 13. exd5 Na5 14. c4 c6
15. Ba4 e4 16. Nd2 exd3 17. b4 Nxc4 18. dxc6 bxc6 19. Nxc4 Nd5 20. Qxd3 Nxb4
21. Qf3 Bf6 22. Bb2 Bxb2 23. Nxb2 d5 24. a3 Na6 25. Nd3 Qd6 26. Rxe8+ Rxe8 27.
Re1 1/2-1/2

[Event "4NCL Division 3 North"]
[Site "Wakefield, ENG"]
[Date "2016.11.26"]
[Round "1.26"]
[White "Jarvis, Derek A"]
[Black "Burke, Alan"]
[Result "1-0"]
[WhiteElo "1937"]
[BlackElo "932"]
[PlyCount "65"]
[EventDate "2016.11.26"]
[WhiteTeam "Ashfield Breadsall 1"]
[BlackTeam "3Cs 3"]

1. d4 e6 2. e4 Nf6 3. e5 Nd5 4. c4 Ne7 5. Nc3 h6 6. f4 d6 7. Nf3 Nbc6 8. d5 Nb8
9. Bd3 g6 10. O-O Qd7 11. Ne4 Bg7 12. Nf6+ Bxf6 13. exf6 Ng8 14. dxe6 Qc6 15.
exf7+ Kxf7 16. Bxg6+ Kxg6 17. Nh4+ Kxf6 18. Qd4+ Kf7 19. Qxh8 Qc5+ 20. Kh1 Qxc4
21. Qh7+ Kf8 22. Ng6+ Ke8 23. Re1+ Be6 24. Qxg8+ Kd7 25. Nf8+ Kc6 26. Nxe6 Qb4
27. Nd8+ Kb6 28. Be3+ c5 29. a3 Qa4 30. Ne6 a5 31. Qd8+ Ka7 32. Nxc5 dxc5 33.
Bxc5+ 1-0

[Event "4NCL Division 3 North"]
[Site "Wakefield, ENG"]
[Date "2016.11.26"]
[Round "1.31"]
[White "Sanghera, Parminder"]
[Black "Dean, Robert A"]
[Result "1-0"]
[WhiteElo "2260"]
[BlackElo "1829"]
[PlyCount "71"]
[EventDate "2016.11.26"]
[WhiteTeam "Hounds and Bears"]
[BlackTeam "Bradford DCA Knights C"]

1. Nf3 Nf6 2. c4 d6 3. d4 g6 4. Nc3 c6 5. Bf4 Bg7 6. e3 Nbd7 7. h3 O-O 8. Be2
Re8 9. O-O Nf8 10. b4 Bf5 11. Rc1 a6 12. a4 Rc8 13. c5 dxc5 14. bxc5 Ne6 15.
Bh2 Ne4 16. Nxe4 Bxe4 17. Qb3 Qd7 18. Ne5 Bxe5 19. Bxe5 Nd8 20. Bg4 Bd5 21. Bf3
Be6 22. Qc3 f6 23. Bg3 Nf7 24. Qb4 Ng5 25. Be2 Nxh3+ 26. gxh3 Bxh3 27. Rfd1 Qf5
28. Bf1 Bg4 29. Re1 h5 30. Qb1 Qg5 31. Bf4 Qh4 32. Qxg6+ Kh8 33. Bd3 Bf5 34.
Qh6+ Kg8 35. Bxf5 Kf7 36. Qh7+ 1-0

[Event "4NCL Division 3 North"]
[Site "Wakefield, ENG"]
[Date "2016.11.26"]
[Round "1.32"]
[White "Procter, Colin S"]
[Black "McCumiskey, Andrew P"]
[Result "0-1"]
[WhiteElo "1717"]
[BlackElo "2027"]
[PlyCount "72"]
[EventDate "2016.11.26"]
[WhiteTeam "Bradford DCA Knights C"]
[BlackTeam "Hounds and Bears"]

1. c4 d6 2. g3 g6 3. Bg2 Bg7 4. Nc3 e5 5. e4 Nc6 6. Nge2 f5 7. d3 Nf6 8. Bg5 h6
9. Be3 O-O 10. O-O g5 11. exf5 Bxf5 12. d4 Ng4 13. d5 Nb4 14. Be4 Bxe4 15. Nxe4
Nxe3 16. fxe3 Rxf1+ 17. Kxf1 Qd7 18. Kg2 Rf8 19. a3 Qg4 20. N2c3 Qxd1 21. Nxd1
Nd3 22. Ndc3 Nxb2 23. c5 Nc4 24. cxd6 Nxe3+ 25. Kg1 cxd6 26. Nb5 Nxd5 27. Nbxd6
b6 28. Rc1 Rf3 29. Nb5 a6 30. Rd1 Ne3 31. Rd8+ Kh7 32. Nd2 Rf8 33. Rd3 Nf5 34.
Nc7 a5 35. Ne4 Nd4 36. Rd2 Nf3+ 0-1

[Event "4NCL Division 3 North"]
[Site "Wakefield, ENG"]
[Date "2016.11.26"]
[Round "1.33"]
[White "Krueger, Simon"]
[Black "Mahoney, Nicholas"]
[Result "1-0"]
[WhiteElo "1950"]
[BlackElo "1732"]
[PlyCount "79"]
[EventDate "2016.11.26"]
[WhiteTeam "Hounds and Bears"]
[BlackTeam "Bradford DCA Knights C"]

1. Nf3 Nf6 2. d4 g6 3. g3 Bg7 4. Bg2 O-O 5. O-O d6 6. c4 a6 7. Nc3 Nc6 8. Bg5
h6 9. Bf4 e6 10. Qd2 Kh7 11. Rad1 Ne7 12. e4 Nh5 13. Be3 f5 14. e5 c6 15. Qc1
d5 16. h3 g5 17. Ne2 Ng6 18. Bd2 Rf7 19. Nh2 Qf8 20. Bf3 Nxg3 21. fxg3 Bd7 22.
Bh5 Be8 23. Bxg6+ Kxg6 24. g4 dxc4 25. Qxc4 Bd7 26. gxf5+ Rxf5 27. Ng3 b5 28.
Qb3 c5 29. Nxf5 exf5 30. dxc5 Re8 31. Be3 Be6 32. Qc3 Bc4 33. Rfe1 Bxe5 34. Bd4
Bxd4+ 35. Qxd4 Rxe1+ 36. Rxe1 Qf7 37. Qd6+ Kh5 38. c6 Qa7+ 39. Kg2 Qb6 40. Qd7
1-0

[Event "4NCL Division 3 North"]
[Site "Wakefield, ENG"]
[Date "2016.11.26"]
[Round "1.34"]
[White "Adam, David W"]
[Black "Carpenter, Raymond"]
[Result "0-1"]
[WhiteElo "1780"]
[BlackElo "1990"]
[PlyCount "72"]
[EventDate "2016.11.26"]
[WhiteTeam "Bradford DCA Knights C"]
[BlackTeam "Hounds and Bears"]

1. c4 g6 2. Nc3 Bg7 3. g3 e6 4. Bg2 Ne7 5. e4 c5 6. Nge2 Nbc6 7. O-O a6 8. d3
d6 9. Rb1 Rb8 10. a3 b5 11. cxb5 axb5 12. b4 Nd4 13. Nxd4 cxd4 14. Ne2 Qb6 15.
Bd2 Bd7 16. Qb3 Rc8 17. Rbc1 O-O 18. f4 e5 19. h3 Be6 20. Qb2 f5 21. Rxc8 Rxc8
22. Kh2 fxe4 23. Bxe4 Nf5 24. g4 Ne3 25. Rc1 Rxc1 26. Qxc1 exf4 27. Ng1 Qd8 28.
Bc6 h5 29. gxh5 Qg5 30. Bxe3 Qg3+ 31. Kh1 fxe3 32. Qf1 gxh5 33. Qf3 Qe5 34. Qe4
Qxe4+ 35. dxe4 Bc4 36. Kg2 d5 0-1

[Event "4NCL Division 3 North"]
[Site "Wakefield, ENG"]
[Date "2016.11.26"]
[Round "1.35"]
[White "Roper, Paul"]
[Black "Clarke, Paul Rh"]
[Result "0-1"]
[WhiteElo "1930"]
[BlackElo "1772"]
[PlyCount "66"]
[EventDate "2016.11.26"]
[WhiteTeam "Hounds and Bears"]
[BlackTeam "Bradford DCA Knights C"]

1. Nf3 d5 2. d4 Nf6 3. e3 Bf5 4. Bd3 Bxd3 5. cxd3 e6 6. Nc3 Nbd7 7. O-O c5 8.
e4 Nb6 9. Bg5 cxd4 10. Nxd4 Be7 11. Re1 O-O 12. Rc1 dxe4 13. dxe4 Rc8 14. Rc2
Nfd7 15. Be3 Nc4 16. Bc1 Nde5 17. Nce2 Nd6 18. Rxc8 Qxc8 19. Ng3 Rd8 20. Qe2
Qc4 21. b3 Qxd4 22. Bb2 Qc5 23. Rc1 Qa5 24. Bc3 Qc7 25. Bb2 Nc6 26. Nh5 Ne8 27.
Qg4 Bf8 28. h4 Qd7 29. Bf6 e5 30. Qg5 Rc8 31. Rc3 h6 32. Qg3 Qd1+ 33. Kh2 Qxh5
0-1

[Event "4NCL Division 3 North"]
[Site "Wakefield, ENG"]
[Date "2016.11.26"]
[Round "1.36"]
[White "Braham, Peter"]
[Black "Sadler, Anthony"]
[Result "0-1"]
[WhiteElo "1717"]
[BlackElo "1900"]
[PlyCount "62"]
[EventDate "2016.11.26"]
[WhiteTeam "Bradford DCA Knights C"]
[BlackTeam "Hounds and Bears"]

1. e4 g6 2. d4 d6 3. Nc3 Bg7 4. Be3 a6 5. Nf3 e6 6. Bg5 Ne7 7. Qd2 h6 8. Be3
Nd7 9. Bd3 b6 10. O-O Bb7 11. Ne2 Nf6 12. e5 Ng4 13. Bf4 dxe5 14. Nxe5 Nxe5 15.
Bxe5 Bxe5 16. dxe5 Qd5 17. Nf4 Qxe5 18. Rae1 Qd6 19. Qe3 O-O-O 20. Rd1 Qd4 21.
Qc1 g5 22. Ne2 Qd5 23. f3 Qc5+ 24. Rf2 Nd5 25. Be4 a5 26. c4 Ne3 27. Rd3 Rxd3
28. Bxd3 g4 29. Kh1 gxf3 30. gxf3 Ng4 31. Rf1 Nf2+ 0-1

[Event "4NCL Division 3 North"]
[Site "Wakefield, ENG"]
[Date "2016.11.26"]
[Round "1.41"]
[White "O`Gorman, Tom"]
[Black "Newton, Robert A"]
[Result "1-0"]
[WhiteElo "2044"]
[BlackElo "2005"]
[PlyCount "179"]
[EventDate "2016.11.26"]
[WhiteTeam "Enniscorthy"]
[BlackTeam "Manchester Manticores 2"]

1. e4 h5 2. d4 a5 3. c4 e6 4. Nf3 Be7 5. Nc3 h4 6. h3 d6 7. Be3 Nd7 8. Qc2 Nf8
9. Bd3 Bd7 10. O-O g5 11. e5 Nh6 12. Qd2 dxe5 13. dxe5 Rg8 14. Nxh4 Bc6 15. Be4
Qxd2 16. Bxd2 O-O-O 17. Nf3 Bxe4 18. Nxe4 g4 19. hxg4 Rxg4 20. Rfe1 Nf5 21.
Bxa5 Ng6 22. Nh2 Rh4 23. g3 Rh7 24. Nf3 Rdh8 25. Bc3 b6 26. Kg2 Rg7 27. Kf1 Nf8
28. Ke2 Nd7 29. b4 Rg4 30. Kd3 Kb7 31. Kc2 Ra8 32. Rad1 Nb8 33. Kb3 Nc6 34. a3
Rh8 35. a4 Ra8 36. Re2 Rh8 37. b5 Nb8 38. a5 bxa5 39. Bxa5 Kc8 40. Bb4 Bxb4 41.
Kxb4 Ne7 42. Nf6 Rg6 43. c5 c6 44. Nd4 cxb5 45. Kxb5 Kc7 46. Kc4 Nbc6 47. Nxc6
Nxc6 48. Rd7+ Kc8 49. Rxf7 Rd8 50. Re3 Rh6 51. f4 Rh1 52. Ne4 Rd4+ 53. Kc3 Rc1+
54. Kb2 Rg1 55. Re2 Rb4+ 56. Kc3 Ra1 57. Nd6+ Kb8 58. Rb2 Ra3+ 59. Kc2 Nd4+ 60.
Kb1 Rxb2+ 61. Kxb2 Rxg3 62. Rb7+ Ka8 63. Rb6 Ka7 64. Nb5+ Nxb5 65. Rxb5 Rf3 66.
Rb4 Rf2+ 67. Kb3 Rf3+ 68. Ka4 Ka6 69. Rc4 Kb7 70. Kb5 Kc7 71. Ra4 Rb3+ 72. Kc4
Rf3 73. Ra7+ Kc6 74. Ra6+ Kc7 75. Rxe6 Rxf4+ 76. Kd5 Rf1 77. Re7+ Kd8 78. Ke6
Rh1 79. Rf7 Rc1 80. Rd7+ Ke8 81. Rd5 Rh1 82. Kd6 Kd8 83. c6 Kc8 84. Rd2 Rh8 85.
Ra2 Kb8 86. c7+ Kb7 87. Rb2+ Ka7 88. e6 Rh1 89. c8=R Rd1+ 90. Ke7 1-0

[Event "4NCL Division 3 North"]
[Site "Wakefield, ENG"]
[Date "2016.11.26"]
[Round "1.42"]
[White "Timson, Paul F"]
[Black "Scott, Luke"]
[Result "1/2-1/2"]
[WhiteElo "2065"]
[BlackElo "2016"]
[PlyCount "90"]
[EventDate "2016.11.26"]
[WhiteTeam "Manchester Manticores 2"]
[BlackTeam "Enniscorthy"]

1. d4 d5 2. c4 c6 3. cxd5 cxd5 4. Nc3 Nf6 5. Bf4 Nc6 6. e3 a6 7. Bd3 e6 8. a3
Be7 9. h3 O-O 10. Nf3 b5 11. O-O Bb7 12. Rc1 Rc8 13. b4 Re8 14. Bb1 Nd7 15. Qd3
g6 16. Rc2 Nb6 17. Nd2 Nc4 18. Nxc4 dxc4 19. Qe2 f5 20. Rd2 Bf6 21. Rfd1 Ne7
22. e4 Qd7 23. f3 Rcd8 24. Qe3 Qc6 25. Bg5 Bxg5 26. Qxg5 Kg7 27. h4 h6 28. Qg3
Qd6 29. Qf2 Rd7 30. h5 g5 31. d5 exd5 32. Qd4+ Qf6 33. e5 Qe6 34. g4 fxg4 35.
Qxg4 Qxg4+ 36. fxg4 Rf8 37. Ne4 Rf4 38. Nc5 Rxg4+ 39. Kf2 Bc6 40. Nxd7 Bxd7 41.
Rd4 Rxd4 42. Rxd4 Be6 43. Rd2 Nc6 44. Re2 d4 45. Rd2 d3 1/2-1/2

[Event "4NCL Division 3 North"]
[Site "Wakefield, ENG"]
[Date "2016.11.26"]
[Round "1.43"]
[White "Plaza Reino, Agustin"]
[Black "Reed, John"]
[Result "1-0"]
[WhiteElo "1861"]
[BlackElo "2057"]
[PlyCount "73"]
[EventDate "2016.11.26"]
[WhiteTeam "Enniscorthy"]
[BlackTeam "Manchester Manticores 2"]

1. e4 e5 2. Nf3 Nc6 3. Bc4 Nf6 4. d3 Be7 5. O-O O-O 6. c3 d5 7. exd5 Nxd5 8.
Re1 Bg4 9. h3 Bh5 10. Nbd2 Nb6 11. Bb5 f6 12. Ne4 Qd5 13. Bxc6 Qxc6 14. Ng3
Bxf3 15. Qxf3 Qxf3 16. gxf3 Rfe8 17. f4 exf4 18. Bxf4 Nd5 19. Be3 Kf7 20. Nf5
Bf8 21. Bd2 g6 22. Nd4 a6 23. Kg2 Rad8 24. Nf3 Bd6 25. d4 Bf4 26. Rxe8 Rxe8 27.
Re1 Rxe1 28. Bxe1 Bc1 29. b3 Ke6 30. c4 Nf4+ 31. Kg3 Kf5 32. d5 Nd3 33. Bc3
Bf4+ 34. Kg2 Nc1 35. Nd4+ Ke4 36. Ne6 f5 37. Nxf4 1-0

[Event "4NCL Division 3 North"]
[Site "Wakefield, ENG"]
[Date "2016.11.26"]
[Round "1.44"]
[White "Webster, Richard J"]
[Black "Pocevicius, Dovydas"]
[Result "1-0"]
[WhiteElo "2020"]
[BlackElo "1654"]
[PlyCount "93"]
[EventDate "2016.11.26"]
[WhiteTeam "Manchester Manticores 2"]
[BlackTeam "Enniscorthy"]

1. c4 Nf6 2. Nc3 g6 3. e4 d6 4. d4 Bg7 5. Nf3 Bg4 6. Be2 O-O 7. Be3 Re8 8. O-O
e5 9. d5 Nbd7 10. Nd2 Bxe2 11. Qxe2 a6 12. Rac1 Rc8 13. b4 Qe7 14. Nb3 h5 15.
f3 h4 16. Bg5 h3 17. g4 Qf8 18. Be3 Nh7 19. Kh1 f5 20. gxf5 gxf5 21. Rg1 Qf6
22. exf5 Qxf5 23. Rg3 Ndf6 24. Qf1 Kf7 25. Ne4 Rg8 26. Qxh3 Qxh3 27. Rxh3 Nxe4
28. fxe4 Nf6 29. Rf1 Rcf8 30. Bg5 Ke8 31. Bxf6 Rxf6 32. Rxf6 Bxf6 33. Rg3 Rh8
34. Kg2 Rh4 35. Nd2 Kf7 36. h3 c6 37. Rg4 Rh8 38. a4 cxd5 39. exd5 b5 40. axb5
axb5 41. cxb5 Rb8 42. Nc4 Be7 43. b6 Kf6 44. Kf3 Kf5 45. Rg7 Kf6 46. Rh7 Rc8
47. b7 1-0

[Event "4NCL Division 3 North"]
[Site "Wakefield, ENG"]
[Date "2016.11.26"]
[Round "1.45"]
[White "Kildea, Robbie"]
[Black "Cukovs, Oleg"]
[Result "1-0"]
[WhiteElo "1639"]
[BlackElo "1990"]
[PlyCount "55"]
[EventDate "2016.11.26"]
[WhiteTeam "Enniscorthy"]
[BlackTeam "Manchester Manticores 2"]

1. e4 Nf6 2. e5 Nd5 3. d4 d6 4. c4 Nb6 5. f4 dxe5 6. fxe5 Nc6 7. Be3 Bf5 8. Nc3
e6 9. Be2 Be7 10. Nf3 O-O 11. O-O f6 12. exf6 Bxf6 13. d5 Ne7 14. Bc5 exd5 15.
cxd5 Re8 16. Bb5 Bd7 17. Qb3 Bxb5 18. Bxb6 Bxf1 19. d6+ Kh8 20. dxe7 Rxe7 21.
Nd5 axb6 22. Nxe7 Bxg2 23. Ng6+ hxg6 24. Kxg2 Qg8 25. Qc2 Rxa2 26. Qxg6 Rxb2+
27. Kg3 Re2 28. Qh5+ 1-0

[Event "4NCL Division 3 North"]
[Site "Wakefield, ENG"]
[Date "2016.11.26"]
[Round "1.46"]
[White "Hilton, Tim"]
[Black "Plaza Reino, Mercedes"]
[Result "1-0"]
[WhiteElo "1937"]
[BlackElo "1576"]
[PlyCount "53"]
[EventDate "2016.11.26"]
[WhiteTeam "Manchester Manticores 2"]
[BlackTeam "Enniscorthy"]

1. c4 e5 2. g3 Nf6 3. Bg2 d5 4. cxd5 Nxd5 5. Nc3 Nb6 6. Nf3 Nc6 7. O-O Be6 8.
d4 exd4 9. Nb5 d3 10. Bf4 Nd5 11. Qxd3 a6 12. Nbd4 Nxf4 13. gxf4 Bd5 14. e4 Nb4
15. Qe2 Bxa2 16. Rad1 Qc8 17. Ng5 c5 18. Nf5 Qc7 19. e5 h6 20. Nd6+ Ke7 21. e6
fxe6 22. Ngf7 Rg8 23. f5 Bb3 24. Rd2 g6 25. f6+ Kxf6 26. Qe5+ Ke7 27. Nf5+ 1-0

[Event "4NCL Division 3 North"]
[Site "Wakefield, ENG"]
[Date "2016.11.26"]
[Round "1.51"]
[White "Whitfield, Craig M"]
[Black "Bennett, Patrick"]
[Result "1/2-1/2"]
[WhiteElo "2155"]
[BlackElo "2005"]
[PlyCount "98"]
[EventDate "2016.11.26"]
[WhiteTeam "Cheddleton 2"]
[BlackTeam "Holmes Chapel"]

1. e4 c5 2. Nf3 g6 3. d4 cxd4 4. Nxd4 Bg7 5. Nc3 Nc6 6. Nde2 Nf6 7. g3 O-O 8.
Bg2 d6 9. O-O Bd7 10. h3 Na5 11. a4 Bc6 12. Re1 a6 13. Nd4 Bd7 14. Qd3 Rc8 15.
b3 Nc6 16. Nxc6 Bxc6 17. Bf4 Nd7 18. Bd2 Nc5 19. Qe3 Ne6 20. Rad1 Nd4 21. Qd3
b5 22. axb5 axb5 23. Na2 Bd7 24. Nb4 Be6 25. Be3 Qa5 26. Bxd4 Qxb4 27. Bxg7
Kxg7 28. Bf1 Rc3 29. Qxb5 Qxb5 30. Bxb5 Rxc2 31. b4 Bxh3 32. Ba6 Rb8 33. b5 Be6
34. e5 d5 35. Rc1 Rc4 36. Rxc4 dxc4 37. Kf1 g5 38. Ke2 Bf5 39. Kd2 Kf8 40. Kc3
Bd3 41. e6 f6 42. f4 gxf4 43. gxf4 Ke8 44. Kd4 Kd8 45. Kc5 Kc7 46. Rg1 Bg6 47.
Rd1 Bd3 48. Rg1 Bg6 49. Rd1 Bd3 1/2-1/2

[Event "4NCL Division 3 North"]
[Site "Wakefield, ENG"]
[Date "2016.11.26"]
[Round "1.52"]
[White "Doran, Chris"]
[Black "Acey, Gerald"]
[Result "0-1"]
[WhiteElo "2013"]
[BlackElo "2118"]
[PlyCount "56"]
[EventDate "2016.11.26"]
[WhiteTeam "Holmes Chapel"]
[BlackTeam "Cheddleton 2"]

1. e4 e5 2. Nf3 Nc6 3. Bb5 a6 4. Ba4 Nge7 5. c3 g6 6. O-O Bg7 7. d4 exd4 8.
cxd4 b5 9. Bb3 O-O 10. Bg5 d6 11. Bd5 Bb7 12. Qc1 Qc8 13. Bxe7 Nxe7 14. Bxb7
Qxb7 15. Nbd2 Rac8 16. Re1 c5 17. Qd1 Nc6 18. d5 Nb4 19. Re3 c4 20. Rb1 Nd3 21.
Qc2 Qc7 22. Nf1 Qa5 23. a3 Rfe8 24. N1d2 Nxb2 25. e5 c3 26. Nb3 Qc7 27. exd6
Qxd6 28. Rxe8+ Rxe8 0-1

[Event "4NCL Division 3 North"]
[Site "Wakefield, ENG"]
[Date "2016.11.26"]
[Round "1.53"]
[White "Edwards, Simon R"]
[Black "Turner, John M"]
[Result "1/2-1/2"]
[WhiteElo "2065"]
[BlackElo "2007"]
[PlyCount "73"]
[EventDate "2016.11.26"]
[WhiteTeam "Cheddleton 2"]
[BlackTeam "Holmes Chapel"]

1. e4 d5 2. exd5 Qxd5 3. Nf3 Bg4 4. Be2 Nc6 5. d4 O-O-O 6. Be3 e6 7. O-O Be7 8.
Nbd2 Nh6 9. h3 Bh5 10. c3 Nf5 11. b4 Nh4 12. Qa4 Nxf3+ 13. Nxf3 a6 14. c4 Qd6
15. b5 Qb4 16. Qxb4 Nxb4 17. Rfc1 axb5 18. a3 Nc6 19. g4 Bg6 20. cxb5 Na5 21.
Rc3 Kb8 22. Ne5 Bd6 23. Rac1 Bxe5 24. dxe5 Rd7 25. b6 cxb6 26. Bxb6 Nc6 27. Bb5
Be4 28. a4 Rd2 29. a5 Nd4 30. Bxd4 Rxd4 31. a6 Rhd8 32. f3 bxa6 33. Bxa6 Rd1+
34. Kf2 Rxc1 35. Rxc1 Bd5 36. Bb5 Kb7 37. Ke3 1/2-1/2